| Tag |
First Indicator |
Second Indicator |
Subfields |
| LEADER |
00000cam a2200000 a 4500 |
| 001 |
in00000760421 |
| 005 |
20151016170406.0 |
| 008 |
880621s1988 mbca b s00000 eng d |
| 020 |
|
|
|a 8875508100 (pbk.)
|
| 035 |
|
|
|a (OCoLC)18115807
|
| 035 |
|
|
|9 ADJ7841AM
|
| 040 |
|
|
|a VPI
|c VPI
|d GZM
|d TXA
|d UtOrBLW
|
| 043 |
|
|
|a cc-----
|
| 049 |
|
|
|a TXAM
|c [A12675127]
|
| 050 |
|
4 |
|a HD1339.C27
|b S52 1988
|
| 245 |
0 |
0 |
|a Small farming and peasant resources in the Caribbean /
|c edited by John S. Brierley and Hymie Rubenstein.
|
| 264 |
|
1 |
|a Winnipeg, Canada :
|b Dept. of Geography, University of Manitoba,
|c 1988.
|
| 300 |
|
|
|a xvii, 134 pages :
|b illustrations ;
|c 23 cm.
|
| 336 |
|
|
|a text
|b txt
|2 rdacontent
|
| 337 |
|
|
|a unmediated
|b n
|2 rdamedia
|
| 338 |
|
|
|a volume
|b nc
|2 rdacarrier
|
| 490 |
1 |
|
|a Manitoba geographical studies ;
|v 10
|
| 504 |
|
|
|a Includes bibliographical references.
|
| 650 |
|
0 |
|a Farms, Small
|z Caribbean Area.
|
| 650 |
|
0 |
|a Peasants
|z Caribbean Area.
|
| 700 |
1 |
|
|a Brierley, John S.
|
| 700 |
1 |
|
|a Rubenstein, Hymie.
|
| 830 |
|
0 |
|a Manitoba geographical studies ;
|v 10.
|
| 999 |
|
|
|a MARS
|
| 999 |
f |
f |
|s f8455262-7981-3b7e-ab4d-251ac5d537a3
|i 4d6ae497-0635-3b20-8b10-913866eb4085
|t 0
|
| 952 |
f |
f |
|p ric
|a Texas A&M University
|b Rellis Campus
|c Joint Library Facility
|d Remote Storage
|t 0
|e HD1339.C27 S52 1988
|h Library of Congress classification
|i unmediated -- volume
|m A14812675127
|
| 998 |
f |
f |
|a HD1339.C27 S52 1988
|t 0
|l Remote Storage
|